Veikkausliiga 2025 First XI - Statistics

General Stats
  • This quiz has been taken 38 times
  • The average score is 36 of 132
Answer Stats
Club Position Nationality Player % Correct
HJK Helsinki FW Teemu Pukki
73%
KuPS LM Petteri Pennanen
63%
HJK Helsinki CM Alexander Ring
57%
KuPS GK Johannes Kreidl
57%
Ilves GK Otso Virtanen
57%
KuPS CB Ibrahim Cissé
53%
HJK Helsinki GK Jesse Öst
53%
KuPS RM Otto Ruoppi
53%
KuPS CB Samuli Miettinen
53%
Ilves CM Joona Veteli
47%
VPS FW Mads Borchers
47%
Ilves LM Oiva Jukkola
47%
IF Gnistan CM Roman Eremenko
47%
KuPS RB Saku Savolainen
47%
Ilves CB Sauli Väisänen
47%
FF Jaro CM Sergei Eremenko
47%
VPS CM Alfie Cicale
43%
Inter Turku CM Axel Kouame
40%
HJK Helsinki RB Brooklyn Lyons-Foster
40%
SJK CM Kasper Paananen
40%
FF Jaro FW Kerfala Cissoko
40%
VPS FW Maissa Fall
40%
Ilves FW Teemu Hytönen
40%
HJK Helsinki LB Ville Tikkanen
40%
Ilves CM Anton Popovitch
37%
KuPS CM Doni Arifi
37%
FF Jaro CM Filip Valenčič
37%
Inter Turku CM Florian Krebs
37%
HJK Helsinki FW Giorgos Kanellopoulos
37%
Inter Turku CB Juuso Hämäläinen
37%
Ilves RM Marius Söderbäck
37%
Ilves CB Matias Rale
37%
SJK FW Rasmus Karjalainen
37%
IF Gnistan CM Yevgeni Bashkirov
37%
KTP CM Armaan Wilson
33%
KTP CM Atomu Tanaka
33%
KuPS LB Clinton Antwi
33%
Inter Turku FW Dimitri Legbo
33%
HJK Helsinki CB Giorgos Antzoulas
33%
KTP CB Joona Toivio
33%
Inter Turku LB Jussi Niska
33%
KTP LM Petteri Forsell
33%
IF Gnistan FW Tim Väyrynen
33%
SJK CM Valentín Gasc
33%
Haka CM Abraham Okyere
30%
FF Jaro FW Albin Björkskog
30%
Inter Turku RB Albin Granlund
30%
SJK LB Babacar Fati
30%
Inter Turku GK Eetu Huuhtanen
30%
Haka GK Liam Hughes
30%
Inter Turku FW Loic Essomba
30%
HJK Helsinki CM Lucas Lingman
30%
FF Jaro CM Manasse Kusu
30%
VPS GK Rasmus Leislahti
30%
SJK GK Roope Paunio
30%
HJK Helsinki LM Santeri Hostikka
30%
Haka FW Arlind Sejdiu
27%
FF Jaro CB Erik Gunnarsson
27%
FF Jaro CB Johan Brunell
27%
IF Gnistan CB Juhani Ojala
27%
Inter Turku CB Luka Kuittinen
27%
FF Jaro GK Miguel Santos
27%
VPS CB Miika Niemi
27%
HJK Helsinki RM Pyry Mentu
27%
FF Jaro FW Severi Kähkönen
27%
Haka FW Simon Lindholm
27%
AC Oulu GK William Eskelinen
27%
VPS LM Yassine El Ouatki
27%
KuPS FW Agon Sadiku
23%
SJK FW Alenis Vargas
23%
IF Gnistan GK Alex Craninx
23%
Haka LB Eetu Mömmö
23%
Haka CM Elias Romero
23%
KuPS CM Jaakko Oksanen
23%
Haka FW Jean-Pierre Da Sylva
23%
SJK FW Jeremiah Streng
23%
FF Jaro LB Jim Myrevik
23%
IF Gnistan CB Jukka Raitala
23%
AC Oulu FW Justin Rennicks
23%
Ilves FW Maksim Stjopin
23%
VPS CB Martti Haukioja
23%
FF Jaro RB Robin Polley
23%
Haka RB Valentin Purosalo
23%
Ilves CB Aapo Mäenpää
20%
KTP GK Jiri Koski
20%
IF Gnistan FW Joakim Latonen
20%
KTP FW Luca Weckström
20%
KTP CB Luc Tabi Manga
20%
IF Gnistan RM Saku Heiskanen
20%
SJK CB Samuel Chukwudi
20%
IFK Mariehamn CM Sebastian Dahlström
20%
KTP FW Aleksi Tarvonen
17%
AC Oulu FW Danny Barrow
17%
IF Gnistan LM Edmund Arko-Mensah
17%
IFK Mariehamn FW Hugo Cardoso
17%
KTP RM Marius Bustgaard Larsen
17%
Haka CB Mikael Almen
17%
AC Oulu CB Musa Jatta
17%
Haka CB Niklas Friberg
17%
AC Oulu FW Niklas Jokelainen
17%
SJK RB Salim Giabo Yussif
17%
VPS CB Samuel Lindeman
17%
VPS RM Antti-Ville Räisänen
13%
AC Oulu CM Chianyindi Silas
13%
HJK Helsinki CB Daniel O'Shaughnessy
13%
Haka CM Danila Bulgakov
13%
IFK Mariehamn CM Emmanuel Patut
13%
Inter Turku CM Iiro Järvinen
13%
IFK Mariehamn RB Jiri Nissinen
13%
KuPS FW Joslyn Luyeye-Lutumba
13%
Ilves FW Lauri Ala-Myllymäki
13%
SJK CM Markus Arsalo
13%
AC Oulu CB Miika Koskela
13%
IFK Mariehamn CB Pontus Lindgren
13%
AC Oulu CM Abu Dumbuya
10%
Inter Turku FW Johannes Yli-Kokko
10%
VPS CM Joonas Vahtera
10%
KTP RB Juho Lehtiranta
10%
AC Oulu CB Leon Bergsma
10%
IFK Mariehamn GK Matias Riikonen
10%
KTP LB Mikko Sumusalo
10%
IFK Mariehamn CM Niilo Kujasalo
10%
IF Gnistan CB Oliver Pettersson
10%
VPS CM Prosper Deyegbe
10%
IF Gnistan CM Gabriel Europaeus
7%
IFK Mariehamn FW Korede Adedoyin
7%
IFK Mariehamn FW Leo Andersson
7%
IFK Mariehamn CB Michael Fonsell
7%
AC Oulu RM Otto Kemppainen
7%
AC Oulu LM Santeri Silander
7%
IFK Mariehamn LB Daniel Enqvist
3%
SJK CB Djack
3%
No matching quizzes found
Score Distribution
Percent of People with Each Score
Percentile by Number Answered
Your Score History
You have not taken this quiz